[Event "Goch op 16th"]
[Site "Goch"]
[Date "2005.10.01"]
[Round "2"]
[White "Krebbers, Wilfried"]
[Black "Gorissen, Hubert"]
[Result "1/2-1/2"]
[WhiteElo "2164"]
[BlackElo "2025"]
[PlyCount "60"]
[EventDate "2005.09.30"]
[EventType "swiss"]
[EventRounds "7"]
[EventCountry "GER"]
[SourceTitle "EXT 2007"]
[Source "ChessBase"]
[SourceDate "2006.11.23"]
[SourceVersion "1"]
[SourceVersionDate "2006.11.23"]
[SourceQuality "1"]

1. b4 d5 2. Bb2 Nf6 3. e3 Bf5 4. Nf3 e6 5. b5 c5 6. c4 dxc4 7. Bxc4 Nbd7 8. 0-0 Nb6 9. Be2 Bd3 10. Ne5 Bxe2 11. Qxe2 Na4 12. Ba3 Qd5 13. f4 Be7 14. Nc3 Nxc3 15. dxc3 Qe4 16. c4 0-0 17. Qd3 Rfd8 18. Qxe4 Nxe4 19. Rfd1 Bf6 20. Bb2 Rd2 21. Rxd2 Nxd2 22. Rc1 Rd8 23. Kf2 Bxe5 24. fxe5 Nxc4 25. Rxc4 Rd2+ 26. Kf3 Rxb2 27. Rxc5 g5 28. a4 Rb4 29. Rc7 Rxa4 30. Rxb7 h5 1/2-1/2

[Event "Goch op 16th"]
[Site "Goch"]
[Date "2005.09.30"]
[Round "1"]
[White "Gijsbers, Egon"]
[Black "Krebbers, Wilfried"]
[Result "0-1"]
[WhiteElo "1731"]
[BlackElo "2164"]
[PlyCount "93"]
[EventDate "2005.09.30"]
[EventType "swiss"]
[EventRounds "7"]
[EventCountry "GER"]
[SourceTitle "EXT 2007"]
[Source "ChessBase"]
[SourceDate "2006.11.23"]
[SourceVersion "1"]
[SourceVersionDate "2006.11.23"]
[SourceQuality "1"]

1. e4 Nf6 2. Nc3 d5 3. d4 Nxe4 4. Nxe4 dxe4 5. f3 exf3 6. Nxf3 Bg4 7. h3 Bh5 8. Bc4 e6 9. 0-0 Be7 10. g4 Bg6 11. Be3 Nd7 12. Rf2 Nb6 13. Bb3 Nd5 14. Qe2 Qd6 15. Bxd5 Qxd5 16. c4 Qd6 17. Ne5 f6 18. c5 Qd5 19. Qb5+ Kf8 20. g5 Bf5 21. gxf6 Bxf6 22. Nd7+ Ke7 23. Nxf6 gxf6 24. Kh2 Rhg8 25. Qe2 Rg6 26. Rg2 Rag8 27. Rag1 Qxa2 28. Rxg6 Rxg6 29. Rxg6 hxg6 30. h4 Qb1 31. Kg3 Qd3 32. Qxd3 Bxd3 33. Kf3 b6 34. Bd2 bxc5 35. dxc5 e5 36. Ke3 Bc2 37. b4 a6 38. Kf3 Ke6 39. Ke3 Kd5 40. Bc3 f5 41. Kd2 Bb1 42. Ke3 Be4 43. Be1 f4+ 44. Ke2 Ke6 45. Bc3 Kf5 46. Kf2 Bd5 47. Ke2 0-1

[Event "Goch op 15th"]
[Site "Goch"]
[Date "2004.10.03"]
[Round "7"]
[White "Kutzner, Stephen"]
[Black "Krebbers, Wilfried"]
[Result "0-1"]
[WhiteElo "2083"]
[BlackElo "1939"]
[PlyCount "78"]
[EventDate "2004.09.30"]
[EventType "swiss"]
[EventRounds "7"]
[EventCountry "GER"]
[SourceTitle "EXT 2006"]
[Source "ChessBase"]
[SourceDate "2005.11.24"]
[SourceVersion "1"]
[SourceVersionDate "2005.11.24"]
[SourceQuality "1"]

1. e4 Nf6 2. e5 Nd5 3. d4 d6 4. Bc4 Nb6 5. Bb3 g6 6. Nf3 Bg7 7. 0-0 0-0 8. Bf4 Nc6 9. Nc3 Bg4 10. Re1 d5 11. Qd2 Bxf3 12. gxf3 e6 13. Bh6 Bxh6 14. Qxh6 Nxd4 15. f4 Nf3+ 16. Kh1 Nxe1 17. Rxe1 f5 18. Rg1 Qe7 19. Ne2 Rf7 20. h4 Rg7 21. Ng3 c5 22. c3 Rd8 23. h5 gxh5 24. Qxh5 Rg4 25. Kg2 Qh4 26. Qxh4 Rxh4 27. Bd1 Kf7 28. Kf3 Rg8 29. Ke3 Nc4+ 30. Kf3 Nd2+ 31. Ke3 Ne4 32. c4 d4+ 33. Kf3 Nxg3 34. Rxg3 Rxg3+ 35. fxg3 Rh2 36. Be2 h5 37. a3 h4 38. Bf1 hxg3 39. Bg2 Rxg2 0-1

[Event "Goch op 15th"]
[Site "Goch"]
[Date "2004.10.02"]
[Round "5"]
[White "Dewenter, Ulf"]
[Black "Krebbers, Wilfried"]
[Result "1/2-1/2"]
[WhiteElo "2167"]
[BlackElo "1939"]
[PlyCount "47"]
[EventDate "2004.09.30"]
[EventType "swiss"]
[EventRounds "7"]
[EventCountry "GER"]
[SourceTitle "EXT 2006"]
[Source "ChessBase"]
[SourceDate "2005.11.24"]
[SourceVersion "1"]
[SourceVersionDate "2005.11.24"]
[SourceQuality "1"]

1. e4 Nf6 2. e5 Nd5 3. g3 Nc6 4. Bg2 e6 5. Nf3 g6 6. d4 Bg7 7. 0-0 d6 8. Qe2 0-0 9. b3 b6 10. Bb2 Nde7 11. c4 d5 12. cxd5 Nxd5 13. Re1 Bb7 14. a3 a5 15. Nbd2 Ba6 16. Qd1 Nce7 17. Ne4 Rc8 18. Rc1 Qd7 19. h4 h6 20. Qd2 Kh7 21. Bh3 Qd8 22. Rc2 Nf5 23. Bc1 Rh8 24. Bf1 1/2-1/2

[Event "Goch op 15th"]
[Site "Goch"]
[Date "2004.10.01"]
[Round "2"]
[White "Krebbers, Wilfried"]
[Black "Versteeg, Cees"]
[Result "1-0"]
[WhiteElo "1939"]
[BlackElo "1928"]
[PlyCount "61"]
[EventDate "2004.09.30"]
[EventType "swiss"]
[EventRounds "7"]
[EventCountry "GER"]
[SourceTitle "EXT 2006"]
[Source "ChessBase"]
[SourceDate "2005.11.24"]
[SourceVersion "1"]
[SourceVersionDate "2005.11.24"]
[SourceQuality "1"]

1. b4 Nf6 2. Bb2 d5 3. e3 e6 4. b5 c5 5. c4 Nbd7 6. Nf3 dxc4 7. Bxc4 Nb6 8. Be2 Be7 9. 0-0 0-0 10. Nc3 Nbd5 11. d4 b6 12. Ne5 Qc7 13. Rc1 Bb7 14. Bf3 Rfd8 15. h3 Bd6 16. Nc4 cxd4 17. Nxd5 Bh2+ 18. Kh1 Bxd5 19. Bxd4 Bxc4 20. Bxa8 Rxa8 21. Bxf6 Bxf1 22. Rxc7 Bxc7 23. Qg4 g6 24. Qe4 Rf8 25. Qh4 h5 26. g4 Be2 27. Kg2 e5 28. gxh5 Bxh5 29. Qg5 Kh7 30. Bxe5 f6 31. Bxf6 1-0

[Event "Goch op 15th"]
[Site "Goch"]
[Date "2004.10.01"]
[Round "3"]
[White "Lamprecht, Mark"]
[Black "Krebbers, Wilfried"]
[Result "1-0"]
[WhiteElo "2218"]
[BlackElo "1939"]
[PlyCount "67"]
[EventDate "2004.09.30"]
[EventType "swiss"]
[EventRounds "7"]
[EventCountry "GER"]
[SourceTitle "EXT 2006"]
[Source "ChessBase"]
[SourceDate "2005.11.24"]
[SourceVersion "1"]
[SourceVersionDate "2005.11.24"]
[SourceQuality "1"]

1. c4 Nf6 2. g3 g6 3. Bg2 Bg7 4. Nc3 d6 5. e4 c5 6. Nge2 Nc6 7. d3 Bd7 8. Rb1 a6 9. a3 Rb8 10. b4 b5 11. cxb5 axb5 12. h3 cxb4 13. axb4 0-0 14. 0-0 Qc8 15. Kh2 Nd4 16. Nxd4 Qxc3 17. Ne2 Qc7 18. Be3 Bc6 19. Rc1 Qd7 20. Qb3 Rfc8 21. f4 e6 22. g4 h6 23. f5 exf5 24. gxf5 g5 25. Bf3 Re8 26. Rxc6 Qxc6 27. e5 Qd7 28. exf6 Rxe3 29. fxg7 Qxf5 30. Ng3 Qe5 31. Kg2 Qxg7 32. Nf5 Qe5 33. Nxe3 Qxe3 34. Bh5 1-0

[Event "Kleve op"]
[Site "Kleve"]
[Date "2002.05.10"]
[Round "4"]
[White "Krebbers, Wilfried"]
[Black "Stanetzek, Carsten"]
[Result "0-1"]
[WhiteElo "1879"]
[BlackElo "2206"]
[PlyCount "48"]
[EventDate "2002.05.09"]
[EventType "swiss"]
[EventRounds "7"]
[EventCountry "GER"]
[SourceTitle "EXT 2008"]
[Source "ChessBase"]
[SourceDate "2007.11.25"]
[SourceVersion "1"]
[SourceVersionDate "2007.11.25"]
[SourceQuality "1"]

1. b4 e5 2. Bb2 Bxb4 3. Bxe5 Nf6 4. e3 d5 5. Nf3 0-0 6. c4 c5 7. cxd5 Nxd5 8. Be2 Nc6 9. Bb2 Bf5 10. 0-0 Qe7 11. Nc3 Rfd8 12. Nxd5 Rxd5 13. a3 Ba5 14. Qb3 Rad8 15. Bc4 R5d7 16. d4 Be4 17. Ne5 Nxe5 18. dxe5 Bd5 19. Bxd5 Rxd5 20. Rad1 Qd7 21. Rxd5 Qxd5 22. Qxd5 Rxd5 23. f4 Kf8 24. Rc1 Bd2 0-1